UBT Library

Calculus and analytic geometry / (Record no. 44321)

000 -LEADER
fixed length control field 00543pam a2200217 i 4500
001 - CONTROL NUMBER
control field 3179299
005 - DATE AND TIME OF LATEST TRANSACTION
control field 20180307081758.0
008 - FIXED-LENGTH DATA ELEMENTS--GENERAL INFORMATION
fixed length control field 761202s1977 caua b 001 0 eng
010 ## - LIBRARY OF CONGRESS CONTROL NUMBER
LC control number 76017206
020 ## - INTERNATIONAL STANDARD BOOK NUMBER
International Standard Book Number 0876201427
040 ## - CATALOGING SOURCE
Original cataloging agency DLC
Transcribing agency DLC
Modifying agency DLC
041 ## - LANGUAGE CODE
Language code of text/sound track or separate title eng
080 ## - UNIVERSAL DECIMAL CLASSIFICATION NUMBER
Universal Decimal Classification number 515.15 SHEN
082 00 - DEWEY DECIMAL CLASSIFICATION NUMBER
Classification number 515.15 SHEN
100 1# - Rafti
Rafti 37
101 ## - Shkurtesa
Shkurtesa MAT
245 10 - TITLE STATEMENT
Title Calculus and analytic geometry /
Statement of responsibility, etc Al Shenk.
504 ## - BIBLIOGRAPHY, ETC. NOTE
Bibliography, etc Bibliography: p. [887]-888.
906 ## - LOCAL DATA ELEMENT F, LDF (RLIN)
a 7
b cbc
c orignew
d 1
e ocip
f 19
g y-gencatlg
942 ## - ADDED ENTRY ELEMENTS (KOHA)
Source of classification or shelving scheme
Item type Books
Holdings
Withdrawn status Lost status Source of classification or shelving scheme Damaged status Not for loan Collection code Permanent location Current location Shelving location Date acquired Total Checkouts Full call number Barcode Date last seen Price effective from Koha item type
          Koleksioni i përgjithshem UBT - Lipjan UBT - Lipjan Koleksioni i përgjithshem 03/07/2018   515.15 SHEN 002-3001243 03/07/2018 03/07/2018 Books
          Koleksioni i përgjithshem UBT - Lipjan UBT - Lipjan Koleksioni i përgjithshem 06/03/2021   515.15 SHEN 002-7003839 06/03/2021 06/03/2021 Books
UBT Library © 2015-2024. All rights reserved University Education for Business and Technology